| 000 | 00508nam a2200205Ia 4500 | ||
|---|---|---|---|
| 003 | OSt | ||
| 005 | 20230511112624.0 | ||
| 008 | 210423s2007 xx 000 0 und d | ||
| 020 | _a8172865015 | ||
| 040 | _cAL | ||
| 041 | _aeng | ||
| 082 |
_a575.1 _223 _b PHAS |
||
| 100 |
_aPHADKE (Shubha R). _9102690 |
||
| 245 | _aGenetics for clinicians. | ||
| 260 |
_aBangalore _bPrism Books Pvt Ltd _c2007 |
||
| 300 |
_aviii,321 _bPB |
||
| 365 |
_b450 _cINR |
||
| 906 | _aclinicians. ; Genetics | ||
| 942 |
_2ddc _cBK |
||
| 999 |
_c164166 _d164166 |
||